000 00709cam a2200205 4500
001 WB3616-72
008 000000n2000 000 0 eng u
035 _a(Sirsi) u105665
245 _aCross-compliance
260 _c2000
490 _aFarmers' Weekly
_v132(16) 21 April 2000, 6(1)
520 _aThe Country Landowners Association has criticised a new report which says that the government should adopt new cross-compliance rules meaning farmers would have to meet stricter environmental conditions to qualify for support payments.
590 _aWB
650 _aFARM SUBSIDIES
650 _aCLA
650 _aENVIRONMENTAL CONDITIONS
650 _aGRANTS
690 _aRural
_96268
942 _n0
999 _c63285
_d63285